000 00601nam a2200205Ii 4500
001 2556
003 CO-ViMGA
008 241108s9999||||xx |||||||||||||| ||und||
040 _aCO-ViMGA
_bspa
_erda
_cCO-ViMGA
041 0 _aspa
082 0 4 _aFA 861.6 - N37m
100 1 _aPablo Neruda
_951069
245 1 0 _aMemorial de isla negra I:
_bDonde nace la lluvia
264 1 _aBuenos Aires, Argentina : Losada, 1964
300 _avolumen
336 _atext
_btxt
_2rdacontent
337 _aunmediated
_bn
_2rdamedia
338 _avolume
_bnc
_2rdacarrier
940 _aidficha_siabuc: 2499. -- ficha_no_siabuc:2556
999 _c45778
_d45778